| 000 | 01049nam a2200265 i 4500 | ||
|---|---|---|---|
| 001 | 52825 | ||
| 003 | ES-MaACL | ||
| 005 | 20250717013400.0 | ||
| 007 | t| | ||
| 008 | 030904s1931 fr ||||1| fre d | ||
| 080 | _a821.133.1 Zola, Émile 1.06 | ||
| 100 | 1 |
_aDeffoux, Leon. _943202 |
|
| 245 | 1 | 3 |
_aLa publication de "l'Assommoir" / _cLéon Deffoux ; avec des lettres inédites de Théodore de Banville, Catulle Mendès, Henry Céard et Paul Bourget. |
| 260 |
_aParis : _bSociété française d'éditions littéraires et techniques, _c1931 ( _eAbbeville : _fF. Paillart) |
||
| 300 |
_a152 p. ; _c19 cm. |
||
| 490 | 1 | _aLes grands événements littéraires | |
| 600 | 1 | 4 |
_aZola, Émile, _d1840-1902- _xCrítica e interpretación _9172591 |
| 700 | 1 |
_aBanville, Théodore, _d1823-1891 _9125795 |
|
| 700 | 1 |
_aMendès, Catulle. _980102 |
|
| 700 | 1 |
_aCeard, Henry. _937268 |
|
| 700 | 1 |
_aBourget, Paul ( _d1852-1935) _930991 |
|
| 830 | 1 |
_aLes grands événements littéraires _9180814 |
|
| 852 | 4 |
_aES-MaACL _jA-3027 |
|
| 999 |
_c52825 _d52825 |
||